The National Gallery London (Record no. 7231)
[ view plain ]
| 000 -CABECERA | |
|---|---|
| campo de control de longitud fija | 00703nam a2200241 a 4500 |
| 001 - NÚMERO DE CONTROL | |
| campo de control | BRCA_7557 |
| 005 - FECHA Y HORA DE LA ÚLTIMA TRANSACCIÓN | |
| campo de control | 20190320205903.0 |
| 008 - DATOS DE LONGITUD FIJA--INFORMACIÓN GENERAL | |
| campo de control de longitud fija | 060613s1955----enka######---#000-0#eng-# |
| 041 ## - CÓDIGO DE LENGUA | |
| Código de lengua del texto/banda sonora o título independiente | eng |
| 044 ## - CÓDIGO DEL PAÍS DE LA ENTIDAD EDITORA/PRODUCTORA | |
| Código MARC del país | enk |
| 050 #4 - SIGNATURA TOPOGRÁFICA DE LA BIBLIOTECA DEL CONGRESO | |
| Número de clasificación | N1070 |
| Número de documento/Ítem | .H46 1955 |
| 100 1# - ENTRADA PRINCIPAL--NOMBRE DE PERSONA | |
| Nombre de persona | Hendy, Philip |
| 9 (RLIN) | 18642 |
| 245 10 - MENCIÓN DE TÍTULO | |
| Título | The National Gallery London |
| Mención de responsabilidad, etc. | text by Philip Hendy. |
| 260 ## - PUBLICACIÓN, DISTRIBUCIÓN, ETC. | |
| Lugar de publicación, distribución, etc. | Londres |
| Nombre del editor, distribuidor, etc. | Thames and Hudson |
| Fecha de publicación, distribución, etc. | 1955 |
| 300 ## - DESCRIPCIÓN FÍSICA | |
| Extensión | 195 p. |
| Otras características físicas | il. a color, 100 láminas |
| Dimensiones | 34 cm. |
| 500 ## - NOTA GENERAL | |
| Nota general | Incluye lista alfabética de pintores |
| 500 ## - NOTA GENERAL | |
| Nota general | S36 |
| 610 24 - PUNTO DE ACCESO ADICIONAL DE MATERIA--NOMBRE DE ENTIDAD CORPORATIVA | |
| Nombre de entidad corporativa o nombre de jurisdicción como elemento de entrada | National Gallery (Londres) |
| 9 (RLIN) | 14025 |
| 650 14 - PUNTO DE ACCESO ADICIONAL DE MATERIA--TÉRMINO DE MATERIA | |
| Término de materia o nombre geográfico como elemento de entrada | Pinturas |
| Subdivisión geográfica | Londres |
| 9 (RLIN) | 17341 |
| 650 14 - PUNTO DE ACCESO ADICIONAL DE MATERIA--TÉRMINO DE MATERIA | |
| Término de materia o nombre geográfico como elemento de entrada | Galerías y museos |
| Subdivisión geográfica | Inglaterra |
| 9 (RLIN) | 18643 |
| 902 ## - CATALOGADOR | |
| Iniciales | GFM |
| 942 ## - ELEMENTOS DE PUNTO DE ACCESO ADICIONAL (KOHA) | |
| Fuente del sistema de clasificación o colocación | Library of Congress Classification |
| Tipo de ítem Koha | Libros |
| Estado de retiro | Estado de pérdida | Estado dañado | No para préstamo | Localización permanente | Ubicación/localización actual | Fecha de adquisición | Número de inventario | Total de préstamos | Signatura topográfica completa | Código de barras | Fecha visto por última vez | Precio válido a partir de | Tipo de ítem Koha |
|---|---|---|---|---|---|---|---|---|---|---|---|---|---|
| El ejemplar forma parte de la colección y puede ser consultado según las políticas vigentes. | Biblioteca del Museo Franz Mayer (Rogerio Casas-Alatriste) | Biblioteca del Museo Franz Mayer (Rogerio Casas-Alatriste) | 06/06/2013 | S36 | N1070 .H46 1955 (S36) | 8165 | 22/03/2019 | 22/03/2019 | Libros |